Management of higher education institutions a special program for Vice-Chancellor and Excutive Directors

Tài liệu là các bản sao chụp khác nhau nói về các lĩnh vực quản lí trong trường Đại học được đóng thành một tập.

Сохранить в:
Библиографические подробности
Главный автор: Neil Lazarus
Формат:
Язык:Undetermined
Опубликовано: Galillee College
Предметы:
Метки: Добавить метку
Нет меток, Требуется 1-ая метка записи!
Thư viện lưu trữ: Trung tâm Học liệu Trường Đại học Cần Thơ
LEADER 00692nam a2200169Ia 4500
001 CTU_44195
008 210402s9999 xx 000 0 und d
082 |a 378.1 
082 |b M266n 
100 |a Neil Lazarus 
245 0 |a Management of higher education institutions 
245 2 |b a special program for Vice-Chancellor and Excutive Directors 
245 0 |c Neil Lazarus 
260 |b Galillee College 
520 |a Tài liệu là các bản sao chụp khác nhau nói về các lĩnh vực quản lí trong trường Đại học được đóng thành một tập. 
650 |a universities and colleges 
980 |a Trung tâm Học liệu Trường Đại học Cần Thơ